Gustav Klimt, 1862-1918
Bewaard in:
| Hoofdauteur: | |
|---|---|
| Formaat: | Boek |
| Taal: | Spaans |
| Gepubliceerd in: |
Colonia
Taschen
2005
|
| Onderwerpen: | |
| Tags: |
Voeg label toe
Geen labels, Wees de eerste die dit record labelt!
|
MARC
| LEADER | 00000nam a2200000 a 4500 | ||
|---|---|---|---|
| 001 | UCG7109 | ||
| 003 | CL-VaPUC | ||
| 005 | 20230425145311.0 | ||
| 008 | 110617e20050000GW |||||||||||||||||spa|d | ||
| 999 | |c 345174 |d 345172 | ||
| 020 | |a 9783822865460 | ||
| 040 | |c Pontificia Universidad Católica de Valparaíso | ||
| 082 | 0 | 4 | |a 750 |b NER |2 21 |
| 100 | |a Néret, Gilles |e autor |9 450026 | ||
| 245 | 1 | 0 | |a Gustav Klimt, 1862-1918 |
| 260 | |a Colonia |b Taschen |c 2005 | ||
| 300 | |a 96 p | ||
| 583 | |a last modification |c 20110617 00:00:00 |k Rodrigo Vera | ||
| 600 | 0 | |a Klimt, Gustav, |d 1862-1918 |9 474478 | |
| 650 | 0 | |a Pintura |9 265046 | |
| 650 | 0 | |a Pintura austriaca |9 347294 | |
| 650 | 0 | |a Pintores austriacos |9 347295 | |
| 650 | 0 | |a Pintura moderna |9 265600 | |
| 852 | |a BIBCUR | ||
| 942 | |c BK |2 ddc | ||
| 945 | |d 20110617 00:00:00 |a dcastane | ||
| 952 | |0 0 |1 0 |4 0 |6 750_000000000000000_NER_2005 |7 0 |8 C |9 443643 |a BIBCUR |b BIBCUR |d 2019-11-22 |i 4785150 |o 750 NER 2005 |p 4785150 |r 2025-04-22 |w 2019-11-22 |y BK |k CAC | ||